Solid state radio engineering (Record no. 77397)

MARC details
000 -LEADER
fixed length control field 01073nam a2200253 a 4500
008 - FIXED-LENGTH DATA ELEMENTS--GENERAL INFORMATION
fixed length control field 120416s1980 ||||||||||||||||| || u
020 ## - INTERNATIONAL STANDARD BOOK NUMBER
International Standard Book Number 047103018X
050 ## - LIBRARY OF CONGRESS CALL NUMBER
Classification number TK 6553 Kra
100 ## - MAIN ENTRY--PERSONAL NAME
Personal name Raab, Frederick H
245 10 - TITLE STATEMENT
Title Solid state radio engineering
260 ## - PUBLICATION, DISTRIBUTION, ETC.
Place of publication, distribution, etc. New York:
Name of publisher, distributor, etc. John Wiley and Sons
Date of publication, distribution, etc. 1980
300 ## - PHYSICAL DESCRIPTION
Extent xv, 534p. : ill
350 ## -
-- 0.00
500 ## - GENERAL NOTE
General note Includes bibliographical references and index.
650 ## - SUBJECT ADDED ENTRY--TOPICAL TERM
Topical term or geographic name entry element RADIO--RECEIVERS AND RECEPTION
650 ## - SUBJECT ADDED ENTRY--TOPICAL TERM
Topical term or geographic name entry element RADIO--TRANSMMITERS AND TRANSMITION
650 ## - SUBJECT ADDED ENTRY--TOPICAL TERM
Topical term or geographic name entry element RADIO CIRCUITS
700 ## - ADDED ENTRY--PERSONAL NAME
Personal name Krauss, Herbert L
700 ## - ADDED ENTRY--PERSONAL NAME
Personal name Bostian, Charles W
856 ## - ELECTRONIC LOCATION AND ACCESS
Uniform Resource Identifier http://www.loc.gov/catdir/toc/onix02/78027797.html
856 ## - ELECTRONIC LOCATION AND ACCESS
Uniform Resource Identifier http://www.loc.gov/catdir/description/wiley032/78027797.html
995 ## -
-- MAIN LIBRARY OPEN ACCESS
-- 0.00
-- 721517
-- CBU-MAIN LIBRARY (Kitwe)
-- 2
-- 40.00
-- TK 6553 Kra
-- 2
-- AVAILABLE
-- 017728
-- Main Library Open Access Collection
995 ## -
-- BINDERY (DAMAGED)
-- 0.00
-- 721518
-- CBU-MAIN LIBRARY (Kitwe)
-- 1
-- 40.00
-- TK 6553 Kra
-- 1
-- DAMAGED
-- 017727
-- Main Library Open Access Collection
999 ## -
-- 77397
-- 77397
Holdings
Withdrawn status Lost status Source of classification or shelving scheme Damaged status Not for loan Permanent Location Current Location Shelving location Date acquired Total Checkouts Full call number Barcode Date last seen Copy number Price effective from Koha item type
          CBU-MAIN LIBRARY, KITWE. CBU-MAIN LIBRARY, KITWE.   04/26/2023   TK 6553 Kra 017728 04/26/2023 1 04/26/2023 MONOGRAPH
          CBU-MAIN LIBRARY, KITWE. CBU-MAIN LIBRARY, KITWE.   04/26/2023   TK 6553 Kra 017727 04/26/2023 2 04/26/2023 MONOGRAPH